[Event "CAMPEONATO DE ESPAÑA ABSOLUTO"]
[Site "EL SAUZAL - TENERIFE - ISLAS CANARIAS"]
[Date "2010.09.10"]
[Round "7"]
[Board "36"]
[White "Leon Varela, Luis"]
[Black "Acosta Sosa, Juan Manuel"]
[Result "1/2-1/2"]
[WhiteElo "2168"]
[BlackElo "2007"]
[PlyCount "120"]
[EventDate "2010.09.04"]
[EventRounds "9"]
[EventCountry "ESP"]

1.d4 d5 2.c4 c6 3.Nf3 Nf6 4.e3 a6 5.Nc3 b5 6.b3 Bg4 7.h3 Bh5 8.g4 Bg6 9.Ne5 b4
10.Na4 Nfd7 11.Nxg6 hxg6 12.Bg2 e6 13.Bb2 Nf6 14.Qc2 Nbd7 15.g5 Ng8 16.h4 Bd6
17.e4 Ne7 18.O-O-O Kf8 19.e5 Bc7 20.f4 Nf5 21.Qf2 Nb6 22.Nxb6 Bxb6 23.c5 Bc7
24.Bf3 Rh5 25.Rd3 Ke7 26.Bd1 Qh8 27.Bxh5 Qxh5 28.Qf3 Rb8 29.Kc2 Rh8 30.Qxh5 gxh5
31.a3 bxa3 32.Bxa3 g6 33.Bb4 Rb8 34.Bc3 Kd7 35.Rdh3 Ra8 36.Ra1 Kc8 37.Kd3 Kb7
38.Be1 Bd8 39.Rh2 Ng7 40.Rha2 Ne8 41.f5 exf5 42.e6 fxe6 43.Bg3 Bc7 44.Bxc7 Nxc7
45.Ke3 Rf8 46.Kf4 Rf7 47.Rf2 Rf8 48.Ke5 Ka7 49.Ra4 Kb7 50.Rb4+ Kc8 51.Kd6 e5
52.Kxe5 Kd7 53.Rb7 Kc8 54.Rb6 Kd7 55.Rb7 Kc8 56.Rxc7+ Kxc7 57.Ke6 f4 58.Rf3 Rf5
59.b4 Rf8 60.Ke7 Rf5 1/2-1/2

[Event "CAMPEONATO DE ESPAÑA ABSOLUTO"]
[Site "EL SAUZAL - TENERIFE - ISLAS CANARIAS"]
[Date "2010.09.10"]
[Round "7"]
[Board "37"]
[White "Javaloy Guerrero, Manuel A"]
[Black "Hernandez Leon, Sergio"]
[Result "0-1"]
[WhiteElo "1934"]
[BlackElo "2133"]
[PlyCount "108"]
[EventDate "2010.09.04"]
[EventRounds "9"]
[EventCountry "ESP"]

1.e4 e6 2.d4 d5 3.Nc3 Bb4 4.exd5 exd5 5.Nf3 Nc6 6.Bd3 Nge7 7.O-O Bg4 8.Be2 Qd7
9.Ne5 Nxe5 10.dxe5 Be6 11.a3 Bc5 12.Qd3 Ng6 13.Qb5 Qxb5 14.Nxb5 Bb6 15.Kh1 Nxe5
16.f4 Nc6 17.f5 Bd7 18.Bg5 f6 19.Bh5+ Kf8 20.Bf4 Rc8 21.Rae1 a6 22.Nc3 Ne7
23.Rxe7 Kxe7 24.Nxd5+ Kf8 25.Nxb6 cxb6 26.Bd6+ Kg8 27.c3 Be8 28.Bf3 Bc6 29.Bd1
h5 30.Bb3+ Kh7 31.Bf7 Rhd8 32.Bf4 Be8 33.Be6 Bd7 34.Bf7 Bxf5 35.Bxh5 Bd3 36.Re1
g5 37.Bg3 Bg6 38.Bf3 Re8 39.Rf1 Bd3 40.Rd1 Be4 41.Rd7+ Kg6 42.Bxe4+ Rxe4 43.Rxb7
Rd8 44.h3 b5 45.Bf2 Rd1+ 46.Kh2 Rd2 47.Bd4 Ree2 48.Rb6 Rxg2+ 49.Kh1 Rge2
50.Rxf6+ Kh5 51.Rf3 Kh4 52.Kg1 Rd1+ 53.Rf1 Rxf1+ 54.Kxf1 Rxb2 0-1

[Event "CAMPEONATO DE ESPAÑA ABSOLUTO"]
[Site "EL SAUZAL - TENERIFE - ISLAS CANARIAS"]
[Date "2010.09.10"]
[Round "7"]
[Board "38"]
[White "Garcia Gata, Jorge D"]
[Black "Capote Robayna, Johanna"]
[Result "1/2-1/2"]
[WhiteElo "2090"]
[BlackElo "1740"]
[PlyCount "68"]
[EventDate "2010.09.04"]
[EventRounds "9"]
[EventCountry "ESP"]

1.d4 Nf6 2.c4 g6 3.Nc3 Bg7 4.e4 d6 5.Be2 O-O 6.Be3 Nc6 7.d5 Ne5 8.h3 e6 9.f4
Ned7 10.Nf3 Re8 11.dxe6 Rxe6 12.f5 Re8 13.fxg6 fxg6 14.O-O Kh8 15.Ng5 Ne5 16.Bf4
Be6 17.Bxe5 dxe5 18.Nxe6 Rxe6 19.c5 Qd4+ 20.Qxd4 exd4 21.Nb5 Rxe4 22.Bf3 Re7
23.Rad1 Rd8 24.Rxd4 Rxd4 25.Nxd4 Ne4 26.Nb3 Nxc5 27.Nxc5 Bd4+ 28.Kh1 Bxc5
29.Bxb7 Re2 30.b3 Rxa2 31.Bd5 Rd2 32.Bc4 Bd6 33.Kg1 Bc5+ 34.Kh1 Bd6 1/2-1/2

[Event "CAMPEONATO DE ESPAÑA ABSOLUTO"]
[Site "EL SAUZAL - TENERIFE - ISLAS CANARIAS"]
[Date "2010.09.10"]
[Round "7"]
[Board "40"]
[White "Fernandez Molina, Victor Manuel"]
[Black "Molina Rodriguez, Borja"]
[Result "0-1"]
[WhiteElo "1913"]
[BlackElo "2058"]
[PlyCount "68"]
[EventDate "2010.09.04"]
[EventRounds "9"]
[EventCountry "ESP"]

1.Nf3 c5 2.c4 Nc6 3.Nc3 g6 4.e3 Nf6 5.d4 cxd4 6.exd4 d5 7.Bf4 a6 8.Be2 Bg7 9.O-O
O-O 10.Rc1 dxc4 11.Bxc4 b5 12.Bb3 Bb7 13.a3 Rc8 14.Ne2 Nd5 15.Bg3 Na5 16.Rxc8
Qxc8 17.Ne5 Nb6 18.Re1 Nbc4 19.Bxc4 Nxc4 20.Qc1 Nxe5 21.Bxe5 f6 22.Bf4 e5
23.dxe5 fxe5 24.Bg3 Qa8 25.f3 e4 26.f4 Qc8 27.Nc3 Bd4+ 28.Kh1 e3 29.Re2 Qc4
30.Qe1 Re8 31.Kg1 Bc8 32.h3 Bf5 33.Nd1 Bd3 34.Nxe3 Qc5 0-1

[Event "CAMPEONATO DE ESPAÑA ABSOLUTO"]
[Site "EL SAUZAL - TENERIFE - ISLAS CANARIAS"]
[Date "2010.09.10"]
[Round "7"]
[Board "41"]
[White "Perez Gutierrez, Nauzet"]
[Black "Bernad Millan, Ignacio"]
[Result "1-0"]
[WhiteElo "2007"]
[BlackElo "1854"]
[PlyCount "119"]
[EventDate "2010.09.04"]
[EventRounds "9"]
[EventCountry "ESP"]

1.e4 c6 2.Nf3 d5 3.exd5 cxd5 4.Ne5 Nc6 5.d4 Nf6 6.c3 g6 7.Nd2 Bg7 8.f4 O-O 9.Bd3
Bf5 10.O-O Bxd3 11.Nxd3 e6 12.Nf3 Ne7 13.Nfe5 Ne4 14.Be3 Nf5 15.Bf2 f6 16.Nf3 h5
17.Nd2 Nfd6 18.Nc5 Nxc5 19.dxc5 Nf5 20.Qe2 Qd7 21.Rad1 Qc6 22.b4 a6 23.a4 Rad8
24.Nf3 Rfe8 25.b5 axb5 26.axb5 Qc7 27.g3 e5 28.fxe5 fxe5 29.Qa2 Qd7 30.Ng5 e4
31.Bd4 Bxd4+ 32.cxd4 Qxb5 33.Rfe1 Kg7 34.Rb1 Qd7 35.Qa7 Re7 36.Nf3 Qc7 37.Kf2
Kh7 38.Rb6 Rf8 39.Kg1 Rg7 40.Ng5+ Kh6 41.Ne6 Qe7 42.Nxg7 Qxg7 43.Qa1 Nxd4 44.Kg2
Nf3 45.Qxg7+ Kxg7 46.Rxb7+ Kh6 47.Rd1 Rc8 48.Rxd5 Ne1+ 49.Kf1 Nd3 50.Rb5 Rf8+
51.Ke2 Rf2+ 52.Ke3 Rxh2 53.Kxe4 Nf2+ 54.Kd4 Ng4 55.c6 Rd2+ 56.Kc3 Rg2 57.c7
Rxg3+ 58.Kd4 Rg1 59.Rdc5 Rd1+ 60.Kc3 1-0

[Event "CAMPEONATO DE ESPAÑA ABSOLUTO"]
[Site "EL SAUZAL - TENERIFE - ISLAS CANARIAS"]
[Date "2010.09.10"]
[Round "7"]
[Board "42"]
[White "Herrera Reyes, Jose Antonio"]
[Black "Perez Castellano, Susana"]
[Result "1-0"]
[WhiteElo "2145"]
[BlackElo "1799"]
[PlyCount "51"]
[EventDate "2010.09.04"]
[EventRounds "9"]
[EventCountry "ESP"]

1.e4 e5 2.d3 Nf6 3.g3 Nc6 4.Bg2 d5 5.exd5 Nxd5 6.Nf3 Bc5 7.O-O Bg4 8.c3 O-O
9.Qa4 Bxf3 10.Bxf3 Bb6 11.Nd2 Qd7 12.Bg2 Rad8 13.Ne4 Rfe8 14.Bg5 Nde7 15.Rad1
Qf5 16.Kh1 Qg6 17.Bc1 Nd5 18.c4 Ndb4 19.c5 Ba5 20.a3 Nxd3 21.b4 Bxb4 22.axb4
Ndxb4 23.Ng5 h6 24.Be4 Qf6 25.Nf3 Nd5 26.Rxd5 1-0

[Event "CAMPEONATO DE ESPAÑA ABSOLUTO"]
[Site "EL SAUZAL - TENERIFE - ISLAS CANARIAS"]
[Date "2010.09.10"]
[Round "7"]
[Board "43"]
[White "Rodriguez Jorge, David"]
[Black "Padilla Mendez, Vicente"]
[Result "1-0"]
[WhiteElo "1940"]
[BlackElo "1792"]
[PlyCount "109"]
[EventDate "2010.09.04"]
[EventRounds "9"]
[EventCountry "ESP"]

1.e4 c5 2.Nf3 Nc6 3.c4 g6 4.d4 cxd4 5.Nxd4 Bg7 6.Be3 d6 7.Nc3 Nf6 8.Be2 O-O 9.f3
Bd7 10.Qd2 Nxd4 11.Bxd4 Bc6 12.O-O Nd7 13.Bxg7 Kxg7 14.Rfc1 a5 15.Kh1 Qb6
16.Rab1 Rfc8 17.Bf1 Nc5 18.b4 axb4 19.Nd5 Bxd5 20.Rxb4 Qa5 21.cxd5 Qxa2 22.Qxa2
Rxa2 23.Rxb7 Nxb7 24.Rxc8 Nc5 25.Kg1 h5 26.h4 Kf6 27.Kh2 Rb2 28.Ra8 Nd7 29.Ra7
Nc5 30.Ra1 Nb3 31.Ra3 Nc5 32.Kg3 Rb1 33.Kf2 g5 34.hxg5+ Kxg5 35.Ra8 h4 36.Rg8+
Kf6 37.Rg4 Rb2+ 38.Be2 Ke5 39.Rxh4 Nd3+ 40.Ke3 Nf4 41.Rxf4 Rxe2+ 42.Kxe2 Kxf4
43.Kf2 e6 44.g3+ Ke5 45.dxe6 Kxe6 46.Ke3 d5 47.g4 dxe4 48.Kxe4 f6 49.Kf4 Kd6
50.Kf5 Ke7 51.Kg6 Ke6 52.f4 Ke7 53.f5 Kf8 54.Kxf6 Kg8 55.Ke7 1-0

[Event "CAMPEONATO DE ESPAÑA ABSOLUTO"]
[Site "EL SAUZAL - TENERIFE - ISLAS CANARIAS"]
[Date "2010.09.10"]
[Round "7"]
[Board "44"]
[White "Diaz Sanchez, Jose Francisco"]
[Black "Marrero Cardenes, Agustin"]
[Result "1/2-1/2"]
[WhiteElo "1909"]
[BlackElo "1787"]
[PlyCount "108"]
[EventDate "2010.09.04"]
[EventRounds "9"]
[EventCountry "ESP"]

1.e4 c6 2.d4 d5 3.Nd2 dxe4 4.Nxe4 Bf5 5.Ng3 Bg6 6.Nf3 Nd7 7.h4 h6 8.h5 Bh7 9.Bd3
Bxd3 10.Qxd3 Ngf6 11.Ne4 Nxe4 12.Qxe4 Nf6 13.Qe2 e6 14.Bd2 Bd6 15.O-O-O Qc7
16.g3 O-O-O 17.c4 c5 18.Bc3 cxd4 19.Bxd4 Bc5 20.Bxc5 Qxc5 21.Ne5 Qe7 22.g4 Nd7
23.Nxd7 Rxd7 24.Rxd7 Qxd7 25.Rd1 Qc7 26.Qd3 Rd8 27.Qxd8+ Qxd8 28.Rxd8+ Kxd8
29.Kd2 Kd7 30.b4 Kd6 31.Ke3 Ke5 32.f4+ Kd6 33.g5 f6 34.gxh6 gxh6 35.Kd4 b6 36.a3
a5 37.Ke4 axb4 38.axb4 Kc6 39.Kd4 b5 40.cxb5+ Kxb5 41.Kc3 e5 42.fxe5 fxe5 43.Kd3
Kxb4 44.Ke4 Kc5 45.Kxe5 Kc6 46.Ke6 Kc7 47.Ke7 Kc6 48.Kf7 Kd6 49.Kf8 Kd7 50.Kf7
Kd8 51.Kg7 Ke8 52.Kxh6 Kf8 53.Kh7 Kf7 54.Kh8 Kf8 1/2-1/2

[Event "CAMPEONATO DE ESPAÑA ABSOLUTO"]
[Site "EL SAUZAL - TENERIFE - ISLAS CANARIAS"]
[Date "2010.09.10"]
[Round "7"]
[Board "45"]
[White "Orti Boix, Miquel Lluis"]
[Black "Korneev, Svyatoslav"]
[Result "0-1"]
[WhiteElo "1889"]
[BlackElo "1787"]
[PlyCount "102"]
[EventDate "2010.09.04"]
[EventRounds "9"]
[EventCountry "ESP"]

1.e4 e6 2.d4 d5 3.e5 c5 4.c3 Nc6 5.Nf3 Qb6 6.a3 cxd4 7.cxd4 Nh6 8.b4 Nf5 9.Bb2
Be7 10.Bd3 O-O 11.O-O Bd7 12.g4 Nh4 13.Nbd2 Nxf3+ 14.Nxf3 Rac8 15.Bc1 Kh8 16.Bb1
a5 17.Qd3 g6 18.b5 Nb4 19.Qd1 Bxb5 20.axb4 Bxf1 21.Qxf1 axb4 22.Bb2 f6 23.exf6
Rxf6 24.Ne5 Rf4 25.Bxg6 Kg7 26.Bb1 Bf6 27.Qh3 Bxe5 28.Qxh7+ Kf8 29.Qh6+ Ke7
30.Qg5+ Kd7 31.Qxe5 Rxg4+ 32.Kf1 Qb5+ 33.Ke1 Rf8 34.Qe2 Qxe2+ 35.Kxe2 Rg2 36.Bc1
Rgxf2+ 37.Ke1 Rf1+ 38.Kd2 R8f2+ 39.Ke3 Rxh2 40.Bd3 Re1+ 41.Kf3 Rh3+ 42.Kf2 Rxc1
43.Bb5+ Rc6 44.Rb1 b3 45.Ke2 Kd6 46.Bxc6 bxc6 47.Kd2 c5 48.dxc5+ Kxc5 49.Re1 Kd6
50.Kc1 e5 51.Kb2 d4 0-1

[Event "CAMPEONATO DE ESPAÑA ABSOLUTO"]
[Site "EL SAUZAL - TENERIFE - ISLAS CANARIAS"]
[Date "2010.09.10"]
[Round "7"]
[Board "46"]
[White "Monzon Aleman, Ayoze"]
[Black "Septien Lopez, Valeriano"]
[Result "1/2-1/2"]
[WhiteElo "1750"]
[BlackElo "1887"]
[PlyCount "65"]
[EventDate "2010.09.04"]
[EventRounds "9"]
[EventCountry "ESP"]

1.e4 c5 2.Nf3 Nc6 3.d4 cxd4 4.Nxd4 e6 5.Be3 a6 6.Be2 Nf6 7.Nxc6 bxc6 8.Bd3 Qc7
9.f4 e5 10.f5 d5 11.Nd2 Bb7 12.Bg5 Be7 13.Bxf6 Bxf6 14.Qe2 Qb6 15.h4 c5 16.exd5
Bxd5 17.Ne4 Qxb2 18.Rd1 Rd8 19.Kf2 Bxe4 20.Qxe4 O-O 21.g4 Rd4 22.Qe2 Qxa2 23.g5
Be7 24.f6 Rf4+ 25.Ke1 Qa5+ 26.Rd2 Qa1+ 27.Rd1 Qc3+ 28.Rd2 gxf6 29.gxf6 Bxf6
30.Bxh7+ Kh8 31.Bd3 Qa1+ 32.Rd1 Qc3+ 33.Rd2 1/2-1/2

[Event "CAMPEONATO DE ESPAÑA ABSOLUTO"]
[Site "EL SAUZAL - TENERIFE - ISLAS CANARIAS"]
[Date "2010.09.10"]
[Round "7"]
[Board "47"]
[White "Darias Darias, Luis"]
[Black "De La Rubia Ramirez, Dulce N"]
[Result "0-1"]
[WhiteElo "1877"]
[BlackElo "1774"]
[PlyCount "64"]
[EventDate "2010.09.04"]
[EventRounds "9"]
[EventCountry "ESP"]

1.d4 Nf6 2.c4 g6 3.Nc3 Bg7 4.e4 d6 5.f3 O-O 6.Be3 Nbd7 7.g4 e5 8.d5 Nb6 9.h4 h5
10.Bg5 hxg4 11.h5 gxf3 12.hxg6 f2+ 13.Kxf2 Ng4+ 14.Qxg4 fxg6+ 15.Kg3 Rf4 16.Bxd8
Rxg4+ 17.Kf2 Bd7 18.Be2 Rxd8 19.Bxg4 Bxg4 20.Kg3 Bh5 21.b3 Rf8 22.Rh2 Bh6 23.Rf2
Bf4+ 24.Kg2 Rf7 25.Nce2 g5 26.Ng3 Bg6 27.Re1 Nd7 28.N1e2 Nc5 29.Nxf4 gxf4 30.Nf5
Bxf5 31.exf5 Nd3 32.Rg1 Rg7+ 0-1

[Event "CAMPEONATO DE ESPAÑA ABSOLUTO"]
[Site "EL SAUZAL - TENERIFE - ISLAS CANARIAS"]
[Date "2010.09.10"]
[Round "7"]
[Board "48"]
[White "Marrero Lopez, Agustin"]
[Black "Gonzalez Garcia, Zoilo"]
[Result "1-0"]
[WhiteElo "1859"]
[BlackElo "1572"]
[PlyCount "63"]
[EventDate "2010.09.04"]
[EventRounds "9"]
[EventCountry "ESP"]

1.d4 Nf6 2.c4 g6 3.g3 Bg7 4.Bg2 O-O 5.Nc3 d6 6.Nf3 c6 7.e4 Bg4 8.Qb3 Qc7 9.O-O
Nbd7 10.Be3 Qb6 11.Qc2 Qc7 12.Rac1 Rfc8 13.Qd2 Bxf3 14.Bxf3 a6 15.b3 c5 16.Nd5
Nxd5 17.cxd5 Qd8 18.dxc5 Nxc5 19.Rc2 Nd7 20.Rfc1 Rxc2 21.Qxc2 Ne5 22.Be2 b5
23.Qc7 Qe8 24.f4 Nd7 25.Bg4 Nf6 26.Bf3 Qd7 27.e5 dxe5 28.fxe5 Qf5 29.Kg2 Qd3
30.Rc3 Qb1 31.exf6 Bxf6 32.Rc2 1-0

[Event "CAMPEONATO DE ESPAÑA ABSOLUTO"]
[Site "EL SAUZAL - TENERIFE - ISLAS CANARIAS"]
[Date "2010.09.10"]
[Round "7"]
[Board "49"]
[White "Medina Sanchez, Gines"]
[Black "Perez Celis, Alba"]
[Result "0-1"]
[WhiteElo "1724"]
[BlackElo "1819"]
[PlyCount "70"]
[EventDate "2010.09.04"]
[EventRounds "9"]
[EventCountry "ESP"]

1.Nf3 Nf6 2.b3 c5 3.Bb2 g6 4.e3 Bg7 5.d4 O-O 6.Bd3 d5 7.Nbd2 Nc6 8.a3 Qc7 9.Ne5
Nxe5 10.dxe5 Ng4 11.Nf3 Nxe5 12.Bxe5 Bxe5 13.Nxe5 Qxe5 14.O-O Qg5 15.f4 Qg4
16.Qd2 e6 17.Rf3 Qh4 18.Raf1 b6 19.e4 Bb7 20.Rh3 Qe7 21.f5 exf5 22.exf5 Qf6
23.c3 g5 24.Rg3 Kh8 25.Rh3 d4 26.c4 Rae8 27.Rf2 Re5 28.Rg3 h6 29.h4 gxh4 30.Rh3
Rfe8 31.Qf4 Re1+ 32.Kh2 Rg8 33.Rxh4 Kh7 34.Rxh6+ Qxh6+ 35.Qxh6+ Kxh6 0-1

[Event "CAMPEONATO DE ESPAÑA ABSOLUTO"]
[Site "EL SAUZAL - TENERIFE - ISLAS CANARIAS"]
[Date "2010.09.10"]
[Round "7"]
[Board "50"]
[White "Ramirez Medina, Victor"]
[Black "Granja Fuentes, Jorge"]
[Result "1-0"]
[WhiteElo "1816"]
[BlackElo "1826"]
[PlyCount "99"]
[EventDate "2010.09.04"]
[EventRounds "9"]
[EventCountry "ESP"]

1.e4 c5 2.Nf3 Nc6 3.Nc3 e5 4.Bc4 Be7 5.d3 d6 6.O-O Bg4 7.h3 Bh5 8.Be3 Nf6 9.Nd5
O-O 10.a3 Nxd5 11.Bxd5 Nd4 12.g4 Bg6 13.c3 Ne6 14.b4 cxb4 15.axb4 Qc8 16.Qb3 h5
17.Nh2 Nf4 18.Bxf4 exf4 19.Ra5 hxg4 20.hxg4 Bf6 21.d4 Qe8 22.Bxb7 Bxe4 23.Re1
Bxb7 24.Rxe8 Rfxe8 25.Qd1 Re4 26.Nf1 Rae8 27.Qf3 Ba8 28.Rxa7 Bd5 29.Ra1 Rxd4
30.Qh3 Rde4 31.Rd1 Bc4 32.Kg2 Re1 33.Rxe1 Rxe1 34.Nd2 Bd5+ 35.Nf3 Rd1 36.g5 Bxg5
37.Qc8+ Kh7 38.Qf5+ g6 39.Qxg5 Rd3 40.Qxf4 Kg7 41.Kh2 Bxf3 42.b5 Bb7 43.Qc4 Rd1
44.Kg3 g5 45.f3 Bd5 46.Qe2 Rg1+ 47.Kf2 Rh1 48.Kg2 Ra1 49.c4 Bb7 50.Qb2+ 1-0

[Event "CAMPEONATO DE ESPAÑA ABSOLUTO"]
[Site "EL SAUZAL - TENERIFE - ISLAS CANARIAS"]
[Date "2010.09.10"]
[Round "7"]
[Board "56"]
[White "Garcia Lorenzo, Jaime"]
[Black "Abreu Perez, Abigail"]
[Result "0-1"]
[WhiteElo "1319"]
[BlackElo "1395"]
[PlyCount "98"]
[EventDate "2010.09.04"]
[EventRounds "9"]
[EventCountry "ESP"]

1.e4 c5 2.Nf3 Nc6 3.c3 e5 4.d4 cxd4 5.cxd4 exd4 6.Nxd4 Qb6 7.Nxc6 bxc6 8.Bc4 Ba6
9.b3 Bxc4 10.bxc4 Qb4+ 11.Nd2 Nf6 12.O-O Bd6 13.Rb1 Qc5 14.Qf3 O-O 15.Re1 Rfe8
16.Rb3 Bc7 17.Ba3 Qe5 18.g3 d5 19.Rbe3 Ba5 20.exd5 Qd4 21.Nb3 Rxe3 22.fxe3 Qxc4
23.Nxa5 Qa4 24.Nxc6 Qxa3 25.Qf4 Nxd5 26.Qe4 Qxa2 27.Ne7+ Kf8 28.Nxd5 Re8 29.Qb4+
Kg8 30.Ne7+ Kh8 31.Nf5 Qe6 32.Qg4 g6 33.Qd4+ f6 34.Nd6 Rf8 35.Rc1 Kg8 36.Rc7 a5
37.Qh4 Qxe3+ 38.Kg2 Qe2+ 39.Kh3 Qe6+ 40.g4 h5 41.Nf5 gxf5 42.gxh5 f4+ 43.Kg2
Qe4+ 44.Kh3 Qf3+ 45.Qg3+ fxg3 46.hxg3 Qxh5+ 47.Kg2 Re8 48.Rc4 Re2+ 49.Kf1 Qf3+ 0-1

[Event "CAMPEONATO DE ESPAÑA ABSOLUTO"]
[Site "EL SAUZAL - TENERIFE - ISLAS CANARIAS"]
[Date "2010.09.11"]
[Round "8"]
[Board "15"]
[White "Espineira Gonzalez, Diego"]
[Black "Todorcevic, Miodrag"]
[Result "1-0"]
[WhiteElo "2305"]
[BlackElo "2434"]
[PlyCount "99"]
[EventDate "2010.09.04"]
[EventRounds "9"]
[EventCountry "ESP"]

1.e4 g6 2.d4 Bg7 3.Nc3 d6 4.Be3 c6 5.Qd2 Nd7 6.Nf3 b5 7.Bd3 Bb7 8.O-O a6 9.a4
Qc7 10.Rfe1 e5 11.axb5 cxb5 12.Bxb5 Ngf6 13.dxe5 dxe5 14.Bxd7+ Nxd7 15.Nd5 Bxd5
16.Qxd5 O-O 17.Ra4 Nb6 18.Qa5 Rab8 19.Rb4 Nd5 20.Qxc7 Nxc7 21.Rxb8 Rxb8 22.b3
Nb5 23.Ra1 Rd8 24.g4 Rd6 25.Kf1 f5 26.gxf5 gxf5 27.Bc5 Rc6 28.b4 fxe4 29.Nd2 e3
30.fxe3 Rf6+ 31.Ke2 Nc3+ 32.Kd3 e4+ 33.Nxe4 Nxe4 34.Kxe4 Re6+ 35.Kd5 Re5+ 36.Kd6
Rh5 37.Rg1 Kf7 38.Rg2 Be5+ 39.Kc6 Bxh2 40.Rf2+ Ke6 41.c4 Bg3 42.Ra2 Rg5 43.Rxa6
h5 44.Kb7+ Kf7 45.Bd6 h4 46.c5 Rg4 47.b5 Rb4 48.Bxg3 hxg3 49.b6 g2 50.Ra1 1-0

[Event "CAMPEONATO DE ESPAÑA ABSOLUTO"]
[Site "EL SAUZAL - TENERIFE - ISLAS CANARIAS"]
[Date "2010.09.11"]
[Round "8"]
[Board "17"]
[White "Argandona Riveiro, Inigo"]
[Black "Fernandez Losada, Daniel"]
[Result "1/2-1/2"]
[WhiteElo "2408"]
[BlackElo "2126"]
[PlyCount "35"]
[EventDate "2010.09.04"]
[EventRounds "9"]
[EventCountry "ESP"]

1.Nf3 c5 2.c4 Nc6 3.d4 cxd4 4.Nxd4 g6 5.e4 Bg7 6.Be3 Nf6 7.Nc3 O-O 8.Be2 d6
9.O-O Bd7 10.Qd2 Rc8 11.f3 Re8 12.Nxc6 bxc6 13.Rfd1 Be6 14.Rac1 Qa5 15.a3 Nd7
16.Rc2 Rb8 17.Qc1 Rb3 18.Bd2 1/2-1/2

[Event "CAMPEONATO DE ESPAÑA ABSOLUTO"]
[Site "EL SAUZAL - TENERIFE - ISLAS CANARIAS"]
[Date "2010.09.11"]
[Round "8"]
[Board "18"]
[White "Senlle Caride, Miguel"]
[Black "Vega Gutierrez, Sabrina"]
[Result "1/2-1/2"]
[WhiteElo "2235"]
[BlackElo "2368"]
[PlyCount "153"]
[EventDate "2010.09.04"]
[EventRounds "9"]
[EventCountry "ESP"]

1.e4 c5 2.Nf3 Nc6 3.d4 cxd4 4.Nxd4 Nf6 5.Nc3 e5 6.Ndb5 d6 7.Nd5 Nxd5 8.exd5 Nb8
9.Qf3 a6 10.Qa3 b6 11.h4 Be7 12.Bg5 f6 13.Be3 O-O 14.O-O-O Bb7 15.Nc3 f5 16.g3
Nd7 17.f4 b5 18.Bh3 Rc8 19.Rhf1 a5 20.Nxb5 Ba6 21.Na7 Bxf1 22.Bxf1 Ra8 23.Nc6
Qe8 24.fxe5 Nxe5 25.Nxe5 dxe5 26.d6 Bf6 27.Bc4+ Kh8 28.d7 Qg6 29.Bd5 Rab8 30.Ba7
e4 31.Bxb8 Rxb8 32.Bxe4 Rd8 33.Bh1 h6 34.Qd6 Qf7 35.Qd5 Qg6 36.c3 a4 37.a3 Qxg3
38.Qxf5 Bxc3 39.Qf3 Qxf3 40.Bxf3 Bf6 41.h5 g6 42.hxg6 Kg7 43.Bc6 Rb8 44.Bxa4
Bxb2+ 45.Kc2 Bf6 46.Bc6 Kxg6 47.a4 Bd8 48.Rd6+ Kg7 49.Rd5 Rb6 50.Bb5 Rg6 51.a5
Bxa5 52.d8=Q Bxd8 53.Rxd8 h5 54.Rd1 Kh6 55.Rh1 Rg3 56.Be2 Rg5 57.Kd3 Kg6 58.Ke3
Re5+ 59.Kf3 Kg5 60.Rg1+ Kf6 61.Bd3 h4 62.Rg6+ Ke7 63.Rh6 h3 64.Rxh3 Rc5 65.Ke4
Kd6 66.Rh6+ Ke7 67.Kd4 Rc7 68.Be4 Kd8 69.Rh8+ Ke7 70.Ke5 Rc5+ 71.Bd5 Rc7 72.Rg8
Kd7 73.Rg6 Ke7 74.Rf6 Kd8 75.Bc6 Re7+ 76.Kd6 Rd7+ 77.Bxd7 1/2-1/2

[Event "CAMPEONATO DE ESPAÑA ABSOLUTO"]
[Site "EL SAUZAL - TENERIFE - ISLAS CANARIAS"]
[Date "2010.09.11"]
[Round "8"]
[Board "19"]
[White "Saenz Narciso, Miguel Angel"]
[Black "Reinaldo Castineira, Roi"]
[Result "0-1"]
[WhiteElo "2143"]
[BlackElo "2502"]
[PlyCount "80"]
[EventDate "2010.09.04"]
[EventRounds "9"]
[EventCountry "ESP"]

1.e4 Nf6 2.Nc3 d5 3.exd5 Nxd5 4.Bc4 Nb6 5.Bb3 c5 6.d3 Nc6 7.Nf3 g6 8.O-O Bg7
9.Ne4 Nd7 10.Nfg5 O-O 11.Nxf7 Rxf7 12.Ng5 Nde5 13.f4 c4 14.Nxf7 Nxf7 15.Bxc4 Na5
16.Bxf7+ Kxf7 17.c3 Bf5 18.d4 Qd5 19.b3 b5 20.Bb2 h5 21.Qf3 Be4 22.Qe2 Nc6
23.Rae1 Bf5 24.Qf3 e6 25.Qxd5 exd5 26.a3 Na5 27.b4 Nc4 28.Bc1 Nd6 29.h4 Ne4
30.Rxe4 dxe4 31.Kf2 Ke6 32.Ke3 Kd5 33.Bd2 Kc4 34.Rb1 Rd8 35.Be1 Rb8 36.Rb2 Rb6
37.Ra2 Ra6 38.Ra1 Kb3 39.Kd2 Kb2 40.Rd1 Bg4 0-1

[Event "CAMPEONATO DE ESPAÑA ABSOLUTO"]
[Site "EL SAUZAL - TENERIFE - ISLAS CANARIAS"]
[Date "2010.09.11"]
[Round "8"]
[Board "20"]
[White "Gutierrez Olivares, Daniel"]
[Black "Arribas Lopez, Angel"]
[Result "0-1"]
[WhiteElo "2175"]
[BlackElo "2454"]
[PlyCount "84"]
[EventDate "2010.09.04"]
[EventRounds "9"]
[EventCountry "ESP"]

1.c4 e5 2.Nc3 Nf6 3.Nf3 Nc6 4.g3 d5 5.cxd5 Nxd5 6.Bg2 Nb6 7.O-O Be7 8.d3 O-O
9.a3 a5 10.Be3 Bg4 11.Na4 Nd5 12.Bc5 b6 13.Bxe7 Ndxe7 14.Re1 Qd7 15.Rc1 Rad8
16.Qc2 Rfe8 17.b3 f6 18.Ng5 Nd4 19.Qc4+ Nd5 20.Bxd5+ Qxd5 21.Qxd5+ Rxd5 22.f3
Bh5 23.g4 Bg6 24.Ne4 Rd7 25.Nd2 Bf7 26.Rb1 Nc2 27.Rec1 Nxa3 28.Rb2 Nb5 29.b4
axb4 30.Rxb4 Nd4 31.Kf2 h5 32.h3 Ne6 33.gxh5 Bxh5 34.Nc3 Nf4 35.Kg3 Bg6 36.Ra1
Bf5 37.h4 Kf7 38.Ra7 Be6 39.Nf1 Rh8 40.Ne3 Kg6 41.Ng2 Nxg2 42.Kxg2 c5 0-1

[Event "CAMPEONATO DE ESPAÑA ABSOLUTO"]
[Site "EL SAUZAL - TENERIFE - ISLAS CANARIAS"]
[Date "2010.09.11"]
[Round "8"]
[Board "21"]
[White "Aranaz Murillo, Amalia"]
[Black "Bajo Gutierrez, Ignacio"]
[Result "0-1"]
[WhiteElo "2154"]
[BlackElo "2271"]
[PlyCount "184"]
[EventDate "2010.09.04"]
[EventRounds "9"]
[EventCountry "ESP"]

1.Nf3 Nf6 2.c4 e6 3.g3 b6 4.Bg2 Bb7 5.O-O Be7 6.d4 O-O 7.Re1 d5 8.cxd5 exd5
9.Nc3 c5 10.dxc5 bxc5 11.Qb3 Qb6 12.Ne5 Qxb3 13.axb3 Ne4 14.Nxe4 dxe4 15.Be3 f5
16.Rec1 Na6 17.Ra5 Rfd8 18.Rca1 Rd6 19.Nc4 Re6 20.Rb5 Bd5 21.Rba5 Bb7 22.f3 Rf8
23.fxe4 fxe4 24.Bh3 Rg6 25.Ne5 Rd6 26.Rb5 Ba8 27.Nd7 Bc6 28.Rba5 Bxd7 29.Bxd7
Nb4 30.Bb5 Nc2 31.Rxa7 Nxa1 32.Rxe7 Rc8 33.Bf4 Rd1+ 34.Kg2 Kf8 35.Re6 Rcd8
36.Bg5 Rc8 37.Rxe4 h6 38.Be7+ Kg8 39.Bc4+ Kh7 40.Re5 Re8 41.Bf7 Rb8 42.Bxc5 Nxb3
43.Ba7 Rb7 44.Bxb3 Rxb3 45.Re7 Rxb2 46.h3 Rbd2 47.Bf2 Rd7 48.Re8 Kg6 49.g4 Kf7
50.Re5 g6 51.Be3 Kg7 52.Re6 R1d6 53.Re4 Rd5 54.Bf4 h5 55.gxh5 Rxh5 56.Bg3 Rf5
57.Re5 Rxe5 58.Bxe5+ Kf7 59.Bg3 Ke6 60.e4 Rd3 61.Bf4 Kd7 62.Bg3 Re3 63.e5 Ke6
64.Kf2 Rb3 65.Kg2 Kf5 66.e6 Kxe6 67.Bc7 Kf5 68.Bd6 Ke4 69.Bc7 Rd3 70.Bb8 Kf5
71.Bc7 Kg5 72.Bg3 Kf5 73.Bc7 Ke4 74.Bb8 Rf3 75.Bc7 Ke3 76.Bb6+ Ke2 77.Bc5 Rb3
78.Ba7 Rb7 79.Bc5 Rb5 80.Be7 Re5 81.Bf6 Ra5 82.Bd8 Ra2 83.Bb6 Ke1+ 84.Kg1 Re2
85.Bc7 Kd2 86.Bb8 Ke3 87.Bc7 Kf3 88.Bd6 Rd2 89.Bc7 Rd7 90.Bb8 Rh7 91.Kh2 g5
92.Bc7 Rxc7 0-1

[Event "CAMPEONATO DE ESPAÑA ABSOLUTO"]
[Site "EL SAUZAL - TENERIFE - ISLAS CANARIAS"]
[Date "2010.09.11"]
[Round "8"]
[Board "22"]
[White "Rodriguez Fontecha, Marcos"]
[Black "Zamarbide Inarrea, Daniel"]
[Result "1-0"]
[WhiteElo "2253"]
[BlackElo "2197"]
[PlyCount "77"]
[EventDate "2010.09.04"]
[EventRounds "9"]
[EventCountry "ESP"]

1.d4 d5 2.Bf4 Nf6 3.e3 c5 4.c3 Nc6 5.Nd2 g6 6.h3 cxd4 7.exd4 Bg7 8.Ngf3 O-O
9.Bd3 Re8 10.O-O Nh5 11.Bh2 Bh6 12.Re1 Nf4 13.Bf1 f6 14.Qb3 e5 15.Rad1 Kh8
16.dxe5 fxe5 17.Ne4 Be6 18.Nc5 Bg8 19.Qxb7 Qd6 20.Bb5 Na5 21.Qa6 Qxc5 22.Bxf4
exf4 23.Bxe8 Qf8 24.Qxa5 Rxe8 25.Qxa7 Ra8 26.Qe7 Rxa2 27.Qxf8 Bxf8 28.Ra1 Rxa1
29.Rxa1 Kg7 30.Kf1 Be7 31.Ke2 g5 32.Ra7 Kf8 33.Nd4 Bf6 34.Ra8+ Kg7 35.Nf5+ Kg6
36.Rxg8+ Kxf5 37.Kd3 Ke6 38.b4 Kd6 39.Ra8 1-0

[Event "CAMPEONATO DE ESPAÑA ABSOLUTO"]
[Site "EL SAUZAL - TENERIFE - ISLAS CANARIAS"]
[Date "2010.09.11"]
[Round "8"]
[Board "23"]
[White "Perez Aleman, Pedro Tomas"]
[Black "Fernandez Garcia, Jose Miguel"]
[Result "0-1"]
[WhiteElo "2111"]
[BlackElo "2237"]
[PlyCount "84"]
[EventDate "2010.09.04"]
[EventRounds "9"]
[EventCountry "ESP"]

1.e4 c5 2.Nf3 e6 3.d4 cxd4 4.Nxd4 a6 5.c4 Nf6 6.Nc3 Qc7 7.a3 b6 8.Be3 Bb7 9.f3
Be7 10.Be2 O-O 11.Rc1 d6 12.O-O Nbd7 13.b4 Rac8 14.Na4 Qb8 15.Qd2 Bd8 16.Kh1 Bc7
17.Bg1 h5 18.Qe1 Rfe8 19.Rc2 Ne5 20.Qf2 Bd8 21.Rb1 h4 22.h3 Bxe4 23.fxe4 Nxe4
24.Qe1 Ng3+ 25.Kh2 d5 26.Bf2 Nxe2 27.Kh1 Nxd4 28.Bxd4 Nxc4 29.Qf2 e5 30.Rf1 Bf6
31.Ba1 d4 32.Rxc4 Rxc4 33.Qe2 Rec8 34.Nc5 bxc5 35.Qxc4 cxb4 36.Qxa6 b3 37.Bb2
Qa8 38.Rxf6 gxf6 39.Qxf6 Rc6 40.Qxe5 Rg6 41.Qe2 d3 42.Qd2 Qxg2+ 0-1